书目信息 |
| 题名: |
无限数
|
|
| 作者: | 库珀 , Cooper 著 ;刘远图 译 | |
| 分册: | ||
| 出版信息: | 北京 科学出版社 1982 |
|
| 页数: | 86页 | |
| 开本: | 19cm | |
| 丛书名: | 《自修数学》小丛书 | |
| 单 册: | ||
| 中图分类: | O1-51 | |
| 科图分类: | ||
| 主题词: | 极限(数学) , 数学 | |
| 电子资源: | ||
| ISBN: | ||
| 000 | 00862nam2 2200313 45 | |
| 001 | 0182000703 | |
| 005 | 20060808085308.15 | |
| 010 | @dCNY0.33 | |
| 091 | @aCN@b13031.1988 | |
| 100 | @a19950420d1982 em y0chiy0121 ea | |
| 101 | 1 | @achi@ceng |
| 102 | @aCN@b110000 | |
| 105 | @ay z 000yy | |
| 200 | 10 | @a无限数@Awu xian shu@f(英)C.D.H.库珀(C.D.H. Cooper)著@g刘远图译 |
| 210 | @a北京@c科学出版社@d1982 | |
| 215 | @a86页@d19cm | |
| 225 | 2 | @a《自修数学》小丛书 |
| 300 | @a书名原文:Infinite numbers | |
| 410 | 0 | @120012@a《自修数学》小丛书 |
| 510 | 1 | @aInfinite numbers@zeng |
| 606 | @a极限(数学) | |
| 606 | 0 | @a数学 |
| 690 | @aO1-51@v3 | |
| 701 | 1 | @a库珀@Aku po@bC.D.H.@4著 |
| 701 | A1 | @aCooper@bC.D.H.@4著 |
| 702 | 0 | @a刘远图@Aliu yuan tu@4译 |
| 801 | 0 | @aCN@bTSSF@c20060808 |
| 801 | 2 | @aCN@bNLC@c20060721 |
| 905 | @a10447@dO1-51@e263 | |
| 无限数/(英)C.D.H.库珀(C.D.H. Cooper)著/刘远图译.-北京:科学出版社,1982 |
| 86页;19cm.-(《自修数学》小丛书) |
| 书名原文:Infinite numbers |
| ISBN :CNY0.33 |
| ● |
| 相关链接 |
|
|
|
|
正题名:无限数
索取号:O1-51/263
 
预约/预借
| 序号 | 登录号 | 条形码 | 馆藏地/架位号 | 状态 | 备注 |
| 1 | 0430335 | 204303351 | 密集书库/ [索取号:O1-51/263] | 在馆 | |
| 2 | 0430336 | 204303360 | 密集书库/ [索取号:O1-51/263] | 在馆 | |
| 3 | 0430337 | 204303379 | 密集书库/ [索取号:O1-51/263] | 在馆 | |
| 4 | 0449741 | 204497419 | 密集书库/ [索取号:O1-51/263] | 在馆 |